| 000 | 00422nam a2200181Ia 4500 | ||
|---|---|---|---|
| 005 | 20240823062931.0 | ||
| 008 | 240823s9999||||xx |||||||||||||| ||und|| | ||
| 082 | _A794.1 N6 | ||
| 100 | _a"Euwe,Max" | ||
| 245 | 0 | _aChess Master V Chess Amateur | |
| 250 | _a1st | ||
| 260 |
_c1996 _b"Vikas,New Delhi" |
||
| 500 | _aYES | ||
| 650 |
_aGeneral _bGeneral |
||
| 700 | _a" Meiden,Walter" | ||
| 942 | _cBK | ||
| 999 |
_c237059 _d237059 |
||